LDR 00843naa#a2200169#i#450# 001 EN\\bibl\119729 005 20260430113955.4 011 ## _a1994-4683 100 ## _a20260429b2026####ek#y0engy0150####ca 102 ## _aRU 200 1# _aStructure and content of the professional development program for football referees in the Russian Federation _eJournal article 210 1# _aMoscow _cNational State University of Physical Education, Sports and Health named after P.F. Lesgaft _d2026 215 ## _a6 с. 608 ## _aJournal article _2local 675 ## _aПрофессиональные спортивные кадры. Профессиональные учителя физкультуры, инструкторы, тренеры, спортивные руководители. 796.071.4 _z 700 #1 _aTurbin _gEvgeniy Andreevich 856 4# _auchzapiski.lesgaft.spb.ru _u